នាងរ៉ាពុនហ្សែល / (Record no. 4587)

MARC details
000 -LEADER
fixed length control field 02022nam a22002777a 4500
001 - CONTROL NUMBER
control field 4587
003 - CONTROL NUMBER IDENTIFIER
control field FISKH
005 - DATE AND TIME OF LATEST TRANSACTION
control field 20240917130930.0
008 - FIXED-LENGTH DATA ELEMENTS--GENERAL INFORMATION
fixed length control field 240917b cb ||||| |||| 00| 0 eng d
040 ## - CATALOGING SOURCE
Original cataloging agency FISKH
Language of cataloging Bilingual
Transcribing agency FISKH
Modifying agency FISKh
050 ## - LIBRARY OF CONGRESS CALL NUMBER
Classification number PZ7
082 ## - DEWEY DECIMAL CLASSIFICATION NUMBER
Classification number 800
100 ## - MAIN ENTRY--PERSONAL NAME
Personal name Anonymous
Relator term author
245 ## - TITLE STATEMENT
Title នាងរ៉ាពុនហ្សែល /
Statement of responsibility, etc. by Anonymous
300 ## - PHYSICAL DESCRIPTION
Extent 16 pages :
Other physical details color illustrations ;
Dimensions 22 cm .
490 ## - SERIES STATEMENT
Series statement រឿងនិទានសម្រាប់កុមារ
505 ## - FORMATTED CONTENTS NOTE
Formatted contents note K <br/>
520 ## - SUMMARY, ETC.
Summary, etc. មានប្តីប្រពន្ធក្រីក្រមួយគូរស្ត្រីជាប្រពន្ធមានផ្ទៃពោះហើយនាងនឺកឃ្លានសាឡាត់រ៉ាពុនហ្សែលដែលជាសាឡាត់របស់មេធ្មប់។ប្តីក៏យកសាឡាត់អោយប្រពន្ធហើយសន្យាថានឺងអោយកូនទៅមេធ្មប់នោះ ។​មេធ្មប់បានដាក់ឈ្មៅះអោយនាងថារ៉ាពុនហ្សែលហើយមេធ្មប់ក៏បានបានចាក់សោនាងនៅក្នុងបន្ទប់នៃកំពូលប៉មមួយ​។ ក្រោយមកមានព្រះអង្គបានលឺចំរៀងរបស់នាងក៏ឡើងទៅលើប៉មជួបនាង ។
520 ## - SUMMARY, ETC.
Summary, etc. A poor couple, a pregnant woman, are hungry for Rapunzel salad, a witch's salad. The husband gives his wife a salad and promises to give the child to the witch.<br/>The witch named her Rapunzel, and the witch locked her in a room on top of a tower. Later, when he heard her singing, he went up to the tower to meet her.
521 8# - TARGET AUDIENCE NOTE
Target audience note 510 <br/>
Source Lexile estimate <br/>
521 8# - TARGET AUDIENCE NOTE
Target audience note K <br/>
Source Raz-Plus <br/>
650 ## - SUBJECT ADDED ENTRY--TOPICAL TERM
Topical term or geographic name entry element ព្រះអង្គម្ចាស់
650 ## - SUBJECT ADDED ENTRY--TOPICAL TERM
Topical term or geographic name entry element prince
942 ## - ADDED ENTRY ELEMENTS (KOHA)
Source of classification or shelving scheme Dewey Decimal Classification
Koha item type Khmer Books
Suppress in OPAC No
Holdings
Withdrawn status Lost status Source of classification or shelving scheme Damaged status Not for loan Collection Home library Current library Shelving location Date acquired Total Checkouts Full call number Barcode Date last seen Copy number Price effective from Koha item type
    Dewey Decimal Classification     Khmer-English Bilingual / ភាសាខ្មែរ-អង់គ្លេស Footprints International School Library Network Toul Kork Campus Footprints International School Library Network Toul Kork Campus TTP Primary Khmer Bookshelves 09/17/2024   ANO PZ7 800 FIS072211 09/17/2024 1 09/17/2024 Khmer Books
    Dewey Decimal Classification     Khmer-English Bilingual / ភាសាខ្មែរ-អង់គ្លេស Footprints International School Library Network Toul Kork Campus Footprints International School Library Network Toul Kork Campus TK Old Khmer Books (Rear Hallway Shelf 3) 09/04/2025   ANO PZ7 800 FISTK04575 09/04/2025 2 09/04/2025 Khmer Books
    Dewey Decimal Classification     Khmer-English Bilingual / ភាសាខ្មែរ-អង់គ្លេស Footprints International School Library Network Toul Kork Campus Footprints International School Library Network Toul Kork Campus TK Old Khmer Books (Rear Hallway Shelf 3) 09/04/2025   ANO PZ7 800 FISBK03859 09/04/2025 3 09/04/2025 Khmer Books
    Dewey Decimal Classification     Khmer-English Bilingual / ភាសាខ្មែរ-អង់គ្លេស Footprints International School Library Network Toul Tom Poung Campus Footprints International School Library Network Toul Tom Poung Campus TTP Primary Khmer Bookshelves 11/10/2025   ANO PZ7 800 FISBK03824 11/10/2025 4 11/10/2025 Khmer Books